000 nam a22 7a 4500
999 _c10529
_d10529
008 180219b ||||| |||| 00| 0 eng d
100 _aGupta,S.P.etal.
_96438
245 _aWorkbook(Environmental Studies)-V
260 _aNew Delhi
_bArya
_c2013